Guía general para docentes : exposiciones permanentes / (Record no. 31026)
[ view plain ]
| 000 -CABECERA | |
|---|---|
| campo de control de longitud fija | 00634nam a2200169 a 4500 |
| 001 - NÚMERO DE CONTROL | |
| campo de control | 000031534 |
| 005 - FECHA Y HORA DE LA ÚLTIMA TRANSACCIÓN | |
| campo de control | 20240715103629.0 |
| 008 - DATOS DE LONGITUD FIJA--INFORMACIÓN GENERAL | |
| campo de control de longitud fija | 110627s20uu dr ac 000 0 spa d |
| 040 ## - FUENTE DE LA CATALOGACIÓN | |
| Centro catalogador/agencia de origen | DO-SdBNP |
| Lengua de catalogación | spa |
| Centro/agencia transcriptor | BNPHU |
| 049 ## - FONDOS LOCALES (OCLC) | |
| Fondos de biblioteca | BNPD |
| 110 2# - ENTRADA PRINCIPAL--NOMBRE DE ENTIDAD CORPORATIVA | |
| Nombre de entidad corporativa o nombre de jurisdicción como elemento de entrada | Centro Cultural Eduardo León Jimenes |
| 9 (RLIN) | 56909 |
| 245 10 - MENCIÓN DE TÍTULO | |
| Título | Guía general para docentes : exposiciones permanentes / |
| Mención de responsabilidad, etc. | texto Lorelay Carrión, Germania Luperón. |
| 260 ## - PUBLICACIÓN, DISTRIBUCIÓN, ETC. | |
| Lugar de publicación, distribución, etc. | [Santiago de los Caballeros, República Dominicana : |
| Nombre del editor, distribuidor, etc. | Centro León, |
| Fecha de publicación, distribución, etc. | [200?] |
| Fabricante | Amigo del Hogar |
| 300 ## - DESCRIPCIÓN FÍSICA | |
| Extensión | 27 p. : |
| Otras características físicas | il., retrs. ; |
| Dimensiones | 27 cm. |
| 700 1# - PUNTO DE ACCESO ADICIONAL--NOMBRE DE PERSONA | |
| Nombre de persona | Carrión, Lorelay |
| 9 (RLIN) | 57899 |
| 700 1# - PUNTO DE ACCESO ADICIONAL--NOMBRE DE PERSONA | |
| Nombre de persona | Luperón, Germania |
| 9 (RLIN) | 57900 |
| Estado de retiro | Estado de pérdida | No para préstamo | Código de colección | Localización permanente | Ubicación/localización actual | Ubicación en estantería | Fecha de adquisición | Número de inventario | Total de préstamos | Signatura topográfica completa | Código de barras | Fecha visto por última vez | Precio válido a partir de | Tipo de ítem Koha |
|---|---|---|---|---|---|---|---|---|---|---|---|---|---|---|
| Excluido de préstamo | Patrimonio Dominicano | Patrimonio Dominicano | Patrimonio Dominicano | En catalogación | 27.06.2011 | LF1 | 31534-10 | 25.06.2020 | 25.06.2020 | Libro y Folleto Colección Patrimonio Dominicano |
